Fr. Conceicao Rodrigues College of Engineering

386/486 PC (Record no. 25850)

MARC details
000 -LEADER
fixed length control field 00271nam a2200133Ia 4500
100 ## - MAIN ENTRY--PERSONAL NAME
Personal name Fairhead harry
245 ## - TITLE STATEMENT
Title 386/486 PC
260 ## - PUBLICATION, DISTRIBUTION, ETC.
Name of publisher, distributor, etc. BPB Publication
Place of publication, distribution, etc. New Delhi
Date of publication, distribution, etc. 1991
300 ## - PHYSICAL DESCRIPTION
Extent 275
546 ## - LANGUAGE NOTE
Language note ENGLISH
654 ## - SUBJECT ADDED ENTRY--FACETED TOPICAL TERMS
Focus term 386/486 PC
942 ## - ADDED ENTRY ELEMENTS (KOHA)
Koha item type BOOK
Holdings
Withdrawn status Lost status Damaged status Not for loan Collection Home library Current library Date acquired Source of acquisition Cost, normal purchase price Inventory number Total Checkouts Full call number Barcode Date last seen Cost, replacement price Price effective from Koha item type
        CRC Fr. Agnel's C.Rodrigues College of Engineering Fr. Agnel's C.Rodrigues College of Engineering 17/03/2023 Progressive Books 89.00 2039 dt 4.7.92   3647 17/03/2023 89.00 04/07/1992 BOOK